00647nam a2200181Ia 450000500170000000800410001702000300005808200240008810000180011224500340013025000160016426000500018065000250023094200070025599900150026295200720027795201160034920251230152546.0251127s9999 xx 000 0 und d a9780195794076 (paperback) a332.1095491 bMEE-M aMeenai, S. A. 0aMoney and Banking in Pakistan aRev Exp ed. a[S.l.] :bOxford University Press, USA,c2001 aManagement Sciences  cBK c2510d2510 00104070aAUSCbAUSCd2012-05-10i2604o332.1095 MEE-MpP1781yBK 001040708Management Science aAUSCbAUSCcManagement Scienced2012-05-10i2605o332.1095491 MEE-MpP1733yBK